Top Languages of Prince Edward Island - Statistics

General Stats
  • This quiz has been taken 37 times
  • The average score is 12 of 15
Answer Stats
Number of Speakers Language % Correct
149,525 English
100%
19,445 French
100%
1,060 German
97%
325 Russian
97%
1,425 Spanish
97%
340 Portuguese
94%
2,940 Mandarin
88%
1,660 Hindi
82%
1,165 Arabic
76%
1,630 Tagalog
73%
550 Dutch
67%
1,550 Punjabi
67%
785 Vietnamese
64%
445 Cantonese
61%
600 Malayalam
33%
No matching quizzes found
Score Distribution
Percent of People with Each Score
Percentile by Number Answered
Your Score History
You have not taken this quiz